| 000 | 01040nam a2200229 i 4500 | ||
|---|---|---|---|
| 001 | 154181 | ||
| 003 | ES-MaACL | ||
| 005 | 20230906205544.0 | ||
| 008 | 990727s1891 fr |||| | fre d | ||
| 040 |
_aCCPB | B _bspa _cCCPB | B |
||
| 100 | 1 |
_aThomson, Charles. _9161239 |
|
| 245 | 1 | 4 |
_aLes conditions du travail en Danemark _b: rapport adressé au Ministre des Affaires Étrangères / _cpar Charles Thomson. |
| 260 |
_aParis ; _aNancy : _bBerger-Levrault et Cie, _c1891. |
||
| 300 |
_a84 p. ; _c23 cm. |
||
| 490 | 1 | _aRecueil de rapports sur les conditions du travail dans les pays étrangers, adressés au Ministre des Affaires Étrangères | |
| 596 | _aMarca del ed. en port. | ||
| 597 | _aAntep. | ||
| 650 | 4 |
_aTrabajo- _zDinamarca. _9161240 |
|
| 830 | 0 |
_aRecueil de rapports sur les conditions du travail dans les pays étrangers, adressés au Ministre des Affaires Étrangères _9187853 |
|
| 852 |
_aES-MaACL _jG-10805(1) _z-- Enc. pasta española conservando la original _z-- Donativo de Azcarate |
||
| 999 |
_c154181 _d154181 |
||